01178nam a2200241 a 4500001001000000005001700010008004100027041000800068044000700076084001900083100004500102245008500147260003700232300002200269500013800291500026000429500001000689650005200699650005600751650003400807650004500841740005000886BRCA_271920190320203934.0031208s1892----sp-a---###---#000-0#spa-u aspa asp a218bT48c18921 aCervantes Saavedra, Miguel ded1547-161610aEl Ingenioso Hidalgo Don Quijote de la Manchacpor Miguel de Cervantes Saavedra. aValenciabTerraza : Alienac1892 a2 v.bil.c18 cm. aContenido : v 1. Primera parte. Retrato de Cervantes. Texto. -- v 2. Segunda parte. Dedicatoria del autor. Prólogo del autor. Texto aEdición económica, pero muy bien imppresa, con tipos claros. Ilustrada en colores. Quítale el valor el hecho de haber suprimido los editore la dedicatoria, prólogo y versos preliminares. Piel; lomeras decoradas con filetes dorados Lúdovik Osterc aQM20914aNovela españolayÉpoca clásica, 1500-170014aLiteratura españolayÉpoca clásica, 1500-170014aNovela españolaySiglo XVII14aDon Quijote (Personaje ficticio)eNovela0 aEl Ingenioso Hidalgo Don Quijote de la Mancha